| 000 | 00604nam a22001577a 4500 | ||
|---|---|---|---|
| 003 | NUST | ||
| 082 | _a670 | ||
| 100 |
_aKhalid ,Jahan Zaib Khan _9122277 |
||
| 245 |
_aDesign/Redesigning for Manufacturing of Electrical Console Casing for Improvement in Heat Transfer Efficiency / _cJahan Zaib Khan Khalid |
||
| 264 |
_aIslamabad: _bSMME- NUST. _c2020. |
||
| 300 |
_a68P. ; _bSoft Copy, _c30cm. |
||
| 650 |
_aMS Design and Manufacturing Engineering _9119567 |
||
| 700 |
_aSupervisor : Dr Mushtaq Khan _9119879 |
||
| 856 | _uhttp://10.250.8.41:8080/xmlui/handle/123456789/35482 | ||
| 942 |
_2ddc _cTHE |
||
| 999 |
_c608783 _d608783 |
||